1049 1229 1750 1228 1118 1230 1734 1287 1959 1402 1085 1924 1921 1676 1902 1175 1753 1455 1096 1758 1537 1623 1558 1671 1490 1911 1719 1645 1546 1473 1343 1400 1053 1599 1539 1364 1344 1345 1898 1418 1088 1965 1161 1447 1931 1155 1569 1369 1410 1772 1325 1023 1123 1573 1385 1408 1319 1282 1982 1187 1649 1185 1898 1841 1523 1256 1749 1519 1649 1893 1081 1509 1674 1881 1520 1567 1411 1387 1306 1617 1841 1677 1152 1462 1287 1837 1655 1770 1136 1984 1720 1826 1301 1440 1442 1436 1929 1873 1309 BCNSPRNW ULIB Ver.6.0+V

เปลี่ยนเป็นภาษาไทย

Change to English
 แสดงรายละเอียดบรรณานุกรม
  กลับหน้าหลัก

Brief Record : Get Marc (ISO 2709) : E-mail record : QR code < ปิดหน้าต่าง
LEADER : 00000nam 2200000uu 4500
001    13399123531
003     ULIB
008    121002s2556||||th 000 0 tha d
020    ^a9789746457576
020    9746457578
050 04 ^aBF637^bม747ท ล.1
110 2  ^aมหาวิทยาลัยสุโขทัยธรรมาธิราช.^bสาขาวิชาศิลปศาสตร์
245 10 ^aทักษะชีวิต หน่วยที่ 1-7=^bLife skills /^cสาขาวิชาศิลปศาสตร์มหาวิทยาลัยสุโขทัยธรรมาธิราช
246 31 ^aLife skills
250    ^aพิมพ์ครั้งที่ 22
260    ^aนนทบุรี :^bมหาวิทยาลัยสุโขทัยธรรมาธิราช,^c2556
300    ^a2 เล่ม :^bภาพประกอบ, ตาราง
440  0 ^aเอกสารการสอนชุดวิชา ;^v10103
504    ^aมีบรรณานุกรมประกอบ
505 0  ^aล.1^tหน่วยที่ 1-7
650  7 ^aจิตวิทยาประยุกต์
650  7 ^aความสำเร็จ
650  7 ^aการดำเนินชีวิต
945    ^p0^l0^i21005
945    ^p0^l0^i21006
945    ^p0^l0^i21007
945    ^p0^l0^i21008
945    ^p0^l0^i21009
945    ^p0^l0^i21010
945    ^p0^l0^i21011
945    ^p0^l0^i21012
995    ทศพร
999 ^a ใช้งานได้ทุกระบบ
รายการนี้ยังไม่มีแท็ก
คุณยังไม่ได้ล็อกอิน คุณสามารถมีกิจกรรมร่วมกับเว็บไซต์ได้ แต่ต้องล็อกอินก่อน ::
  ล็อกอิน

รายการสื่อสารสนเทศ

ลำดับที่ ประเภท เลขเรียก/บาร์โค้ด สถานที่ สถานะ
1. การศึกษาทั่วไป
หนังสือสำรอง
สถานะ=หนังสือสำรอง
BF637 ม747ท ล.1 ฉ.1 
  Barcode: 21005
ห้องสมุดวิทยาเขตนครสวรรค์
►หนังสือทั่วไป:l:General Books
บนชั้น
2. การศึกษาทั่วไป
การศึกษาทั่วไป
BF637 ม747ท ล.1 ฉ.2 
  Barcode: 21006
ห้องสมุดวิทยาเขตนครสวรรค์
►หนังสือทั่วไป:l:General Books
บนชั้น
3. การศึกษาทั่วไป
การศึกษาทั่วไป
BF637 ม747ท ล.1 ฉ.3 
  Barcode: 21007
ห้องสมุดวิทยาเขตนครสวรรค์
►หนังสือทั่วไป:l:General Books
บนชั้น
4. การศึกษาทั่วไป
การศึกษาทั่วไป
BF637 ม747ท ล.1 ฉ.4 
  Barcode: 21008
ห้องสมุดวิทยาเขตนครสวรรค์
►หนังสือทั่วไป:l:General Books
บนชั้น
5. การศึกษาทั่วไป
การศึกษาทั่วไป
BF637 ม747ท ล.1 ฉ.5 
  Barcode: 21009
ห้องสมุดวิทยาเขตนครสวรรค์
►หนังสือทั่วไป:l:General Books
บนชั้น
6. การศึกษาทั่วไป
การศึกษาทั่วไป
BF637 ม747ท ล.1 ฉ.6 
  Barcode: 21010
ห้องสมุดวิทยาเขตนครสวรรค์
►หนังสือทั่วไป:l:General Books
บนชั้น
7. การศึกษาทั่วไป
การศึกษาทั่วไป
BF637 ม747ท ล.1 ฉ.7 
  Barcode: 21011
ห้องสมุดวิทยาเขตนครสวรรค์
►หนังสือทั่วไป:l:General Books
บนชั้น
8. การศึกษาทั่วไป
การศึกษาทั่วไป
BF637 ม747ท ล.1 ฉ.8 
  Barcode: 21012
ห้องสมุดวิทยาเขตนครสวรรค์
►หนังสือทั่วไป:l:General Books
บนชั้น

รายการใกล้เคียง
    หัวเรื่อง [จิตวิทยาประยุกต์]
    หัวเรื่อง [ความสำเร็จ]
    หัวเรื่อง [การดำเนินชีวิต]

BibComment


ยังไม่เคยถูกคอมเมนท์

คอมเมนท์ทรัพยากรรายการนี้
  คอมเมนท์: ทักษะชีวิต หน่วย..


 Copyright 2026. Bcnsprnw @Library